000 00852nam a22002177a 4500
999 _c9392
_d9392
003 GBCCL
005 20241126110711.0
008 221114b ||||| |||| 00| 0 eng d
020 _a9780857218780
040 _cgbc
082 _a265.1
_bGRE
100 _aGreen, Michael
_97738
245 _aBaptism :
_bits purpose, practice and power
260 _aOxford :
_bMonarch Books,
_c2017
300 _a143 pages ;
_c20 cm
505 _aConfusion reigns! -- Back to the beginning -- The baptisms of John and Jesus -- Baptism : what does it mean and what does it do? -- The baptism of believers - and their children -- Objections considered -- Baptism and confirmation -- 'Rebaptism' -- Baptism in the Holy Spirit.
650 _aBaptism
_92157
650 _aInfant baptism
_915404
650 _a Baptism in the Holy Spirit
_92853
942 _2ddc
_cBK
_01